000 00464nam a22001817a 4500
003 LK-CoDNM
005 20250116122647.0
008 250116b |||||||| |||| 00| 0 eng d
040 _aLK-CoDNM
_dLK-CoDNM
_eLK-CoDNM
041 _aeng
080 _a9
_bF5
100 _aF.G.,S, F.Z.S, D.S.C., H , H, Swinnerton
245 _aOutlines of Paleontology
260 _aLondon
_c1923
300 _ax, 420p. : ill , ; 22 cm
650 _aScience
942 _cBK
999 _c236500
_d236500